Logo écurie de F1 - Statistiques

Statistiques générales
  • Ce quiz a été pris 201 fois
  • Le résultat moyen est 9 sur 10
Statistiques - réponses
Par images Réponse % Correct
Ferrari
99%
Red bull
99%
Mercedes
98%
Alpine
97%
Aston Martin
94%
McLaren
92%
Haas
84%
Williams
81%
Racing bull
65%
Sauber
62%
Aucun quiz correspondant
Distribution des résultats
% des personnes avec chaque résultat
Percentile par nombre de réponses
Votre historique - résultats
Vous n’avez pas pris ce quiz